000 00312nam a22001337a 4500
008 170608b xxu||||| |||| 00| 0 eng d
020 _a9781557861269
041 _aeng
080 _a94(4)
100 _a18
101 _aSHH
245 _aTHE EMERGENCY OF THE MODERN EUROPEAN WORLD
_cFOX, E.W
942 _2udc
_cBK
999 _c16436
_d16436